000 00446nab a2200145Ia 4500
003 ES-SlBCS
005 20210601125241.0
008 140529s1979 xxu||||| |||| 00| 0 eng d
041 _aeng
100 1 _aWalsh, Dorothy
_9132515
245 0 0 _aCausal Efficacy and Causal Explanation
_c Dorothy Walsh
650 0 4 _aEficacia Causal
_9155970
773 0 _tPhilosophy and Phenomenological Research
_gvol. 40, 1979, págs. 250-257
_wRev1411
942 _cAR
999 _c527239
_d527239